000 00611nam a2200193Ia 4500
005 20250507130352.0
008 008 250505s9999 xx 000 0 eng d
020 _a978-0-8248-3078-6
037 _aAnnuals, Advances
040 _aEASL
_beng
_cEASL
041 _aeng
_2eng
084 _aO42,1L30x, 111P7
_qEASL
100 _aMarra Michael F. Ed.
_9665393
245 0 _aPoetics of Motoori Norinaga: A Hermeneutical Journey
260 _aUSA
_bHonolulu University of Hawai press
_c2007
300 _axi,293p.
942 _cTEXL
_hO42,1L30x, 111P7
999 _c1319290
_d1319290